Zoznam zákonov a iných právnych predpisov patriacich do kompetencie Národnej banky Slovenska platných k 1.4. 2007

Prehľad právnych predpisov, zákonov, vyhlášok z oblasti emisie bankoviek a mincí, oblasti bankovníctva, kapitálového trhu, vrátane cenných papierov, oblasti poisťovníctva, dôchodkového sporenia ako i devízovej oblasti.

Gespeichert in:
Bibliographische Detailangaben
1. Verfasser: Bašková, Renáta
Format: Buchkapitel
Sprache:Slowakisch
Schlagworte:
Tags: Tag hinzufügen
Keine Tags, Fügen Sie das erste Tag hinzu!

MARC

LEADER 00000naa$a2200000$$$4500
001 0056382
005 20231116083357.4
041 0 |a slo 
044 |a SK 
245 1 0 |a Zoznam zákonov a iných právnych predpisov patriacich do kompetencie Národnej banky Slovenska platných k 1.4. 2007  |c Renáta Bašková 
520 |a Prehľad právnych predpisov, zákonov, vyhlášok z oblasti emisie bankoviek a mincí, oblasti bankovníctva, kapitálového trhu, vrátane cenných papierov, oblasti poisťovníctva, dôchodkového sporenia ako i devízovej oblasti. 
610 2 0 |a úpravy právne 
610 2 0 |a predpisy právne 
610 2 0 |a vyhlášky 
610 2 0 |a legislatíva 
610 2 0 |a bankovníctvo 
610 2 0 |a Slovensko 
100 1 |a Bašková, Renáta